Méthodes des sciences sociales (Record no. 35012)
[ view plain ]
| 000 -LEADER | |
|---|---|
| fixed length control field | 00645 a2200265 4500 |
| 037 ## - SOURCE OF ACQUISITION | |
| Stock number | L14495 |
| 037 ## - SOURCE OF ACQUISITION | |
| Stock number | L14496 |
| 037 ## - SOURCE OF ACQUISITION | |
| Stock number | L14944 |
| 037 ## - SOURCE OF ACQUISITION | |
| Stock number | L14943 |
| 020 ## - NUMERO INTERNATIONAL NORMALISE DES LIVRES | |
| International Standard Book Number | 2247042139 |
| 100 ## - VEDETTE PRINCIPALE - NOM DE PERSONNE | |
| Personal name | Grawitz, Madeleine |
| 100 ## - VEDETTE PRINCIPALE - NOM DE PERSONNE | |
| Language of a work | fr. |
| 260 ## - PUBLICATION, DISTRIBUTION, ETC. (IMPRINT) | |
| Place of publication, distribution, etc | Paris |
| 260 ## - PUBLICATION, DISTRIBUTION, ETC. (IMPRINT) | |
| Name of publisher, distributor, etc | Dalloz |
| 245 ## - TITLE STATEMENT | |
| Title | Méthodes des sciences sociales |
| 260 ## - PUBLICATION, DISTRIBUTION, ETC. (IMPRINT) | |
| Date of publication, distribution, etc | 2001 |
| 250 ## - EDITION STATEMENT | |
| Edition statement | 11ème |
| 300 ## - PHYSICAL DESCRIPTION | |
| Extent | 1019p. |
| 300 ## - PHYSICAL DESCRIPTION | |
| Other physical details | 21cm |
| 630 ## - SUBJECT ADDED ENTRY--UNIFORM TITLE | |
| Uniform title | 30 - Sciences sociales en général.Théories, méthodologie et méthodes des sciences sociales.Sociographie |
| 650 ## - SUBJECT ADDED ENTRY--TOPICAL TERM | |
| Topical term or geographic name as entry element | 300 - SCIENCES SOCIALES |
| 650 ## - SUBJECT ADDED ENTRY--TOPICAL TERM | |
| Topical term or geographic name as entry element | Sciences sociales |
| Withdrawn status | Lost status | Damaged status | Not for loan | Location (home branch) | Sublocation or collection (holding branch) | Date acquired | Koha issues (times borrowed) | Koha full call number | Koha date last seen | Price effective from | Koha item type |
|---|---|---|---|---|---|---|---|---|---|---|---|
| Bibliothèque Universitaire Centrale | Bibliothèque Universitaire Centrale | 28/02/2009 | 301GRA | 28/02/2009 | 28/02/2009 | Livre |